[Event "Amber-blindfold 15th"]
[Site "Monte Carlo"]
[Date "2006.03.21"]
[Round "4"]
[White "Svidler, Peter"]
[Black "Grischuk, Alexander"]
[Result "1-0"]
[WhiteElo "2765"]
[BlackElo "2717"]
[PlyCount "77"]
[EventDate "2006.03.18"]
[EventType "tourn (rapid)"]
[EventRounds "11"]
[EventCountry "MNC"]
[EventCategory "19"]
[SourceTitle "CBM 111 Extra"]
[Source "ChessBase"]
[SourceDate "2006.05.09"]
[SourceVersion "1"]
[SourceVersionDate "2006.05.09"]
[SourceQuality "1"]

1. e4 c5 2. Nf3 d6 3. d4 cxd4 4. Nxd4 Nf6 5. Nc3 a6 6. Be3 Ng4 7. Bg5 h6 8. Bh4
g5 9. Bg3 Bg7 10. h3 Ne5 11. Nf5 Bxf5 12. exf5 Nbc6 13. Nd5 e6 14. fxe6 fxe6
15. Ne3 O-O 16. Be2 Qe7 17. O-O Rad8 18. Bh5 b5 19. a4 b4 20. a5 d5 21. Re1 Kh8
22. Qe2 Qa7 23. Rad1 Nd4 24. Qd2 Nec6 25. h4 Qe7 26. Ng4 Rf5 27. Bg6 gxh4 28.
Bf4 Rxf4 29. Qxf4 Rf8 30. Qe3 h5 31. Nh2 Ne5 32. Bd3 Nxd3 33. Qxd3 Qf6 34. Nf3
h3 35. Qxd4 Qg6 36. Nh4 Qg5 37. Qxb4 Kh7 38. g3 d4 39. Qd2 1-0

[Event "Amber-blindfold 15th"]
[Site "Monte Carlo"]
[Date "2006.03.23"]
[Round "5"]
[White "Grischuk, Alexander"]
[Black "Anand, Viswanathan"]
[Result "1-0"]
[WhiteElo "2717"]
[BlackElo "2792"]
[PlyCount "79"]
[EventDate "2006.03.18"]
[EventType "tourn (rapid)"]
[EventRounds "11"]
[EventCountry "MNC"]
[EventCategory "19"]
[SourceTitle "CBM 111 Extra"]
[Source "ChessBase"]
[SourceDate "2006.05.09"]
[SourceVersion "1"]
[SourceVersionDate "2006.05.09"]
[SourceQuality "1"]

1. e4 e5 2. Nf3 Nc6 3. Bb5 Nf6 4. O-O Nxe4 5. d4 Nd6 6. Bxc6 dxc6 7. dxe5 Nf5
8. Qxd8+ Kxd8 9. Nc3 Ne7 10. h3 Bf5 11. Nd4 Bg6 12. f4 c5 13. Nf3 Bxc2 14. Rf2
Bg6 15. g4 f5 16. Be3 b6 17. Rd1+ Kc8 18. Nh4 Kb7 19. Rfd2 fxg4 20. hxg4 Be8
21. f5 Nc6 22. Nf3 Be7 23. Nd5 Rf8 24. Nxe7 Nxe7 25. Ng5 Nxf5 26. Rf1 Nxe3 27.
Rxf8 Bg6 28. Rxa8 Kxa8 29. e6 Nxg4 30. e7 Nf6 31. Ne6 Ne8 32. Nf8 Bf7 33. Nxh7
Nd6 34. Ng5 Bg6 35. Ne6 Kb7 36. Rg2 Be8 37. Nxg7 Bb5 38. Rf2 a5 39. Rf8 c4 40.
e8=Q 1-0

[Event "Amber-blindfold 15th"]
[Site "Monte Carlo"]
[Date "2006.03.26"]
[Round "8"]
[White "Grischuk, Alexander"]
[Black "Aronian, Levon"]
[Result "1-0"]
[WhiteElo "2717"]
[BlackElo "2752"]
[PlyCount "121"]
[EventDate "2006.03.18"]
[EventType "tourn (rapid)"]
[EventRounds "11"]
[EventCountry "MNC"]
[EventCategory "19"]
[SourceTitle "CBM 111 Extra"]
[Source "ChessBase"]
[SourceDate "2006.05.09"]
[SourceVersion "1"]
[SourceVersionDate "2006.05.09"]
[SourceQuality "1"]

1. e4 g6 2. d4 Nf6 3. f3 c6 4. c4 d5 5. e5 Nfd7 6. Nc3 dxc4 7. Bxc4 Nb6 8. Bb3
Na6 9. Nge2 Nc7 10. O-O Be6 11. Bxe6 Nxe6 12. f4 Qd7 13. f5 Ng7 14. e6 fxe6 15.
fxg6 O-O-O 16. Bf4 hxg6 17. Be5 Rh7 18. Qc2 Nf5 19. Nb5 Nd6 20. Qxg6 Rh6 21.
Qg8 Qe8 22. Nbc3 Rg6 23. Qh7 Bh6 24. Bxd6 exd6 25. Rf7 Rd7 26. Raf1 Rg7 27.
Rxd7 Be3+ 28. Kh1 Rxd7 29. Qh3 Bg5 30. Ne4 Bd8 31. Nf4 d5 32. Nc5 Rf7 33. g3
Nc4 34. Re1 Kb8 35. b3 Nb6 36. Qxe6 Qxe6 37. Ncxe6 Bf6 38. Kg2 Nd7 39. h4 Re7
40. Re2 Re8 41. h5 Nf8 42. g4 Nh7 43. Nc5 Rxe2+ 44. Nxe2 b6 45. Nd7+ Kc7 46.
Nxf6 Nxf6 47. Kf3 Kd6 48. Kf4 Ke6 49. b4 a5 50. bxa5 bxa5 51. Ng3 Nd7 52. g5 c5
53. dxc5 Nxc5 54. h6 Nd3+ 55. Ke3 Ne5 56. h7 Ng6 57. Nh5 Kf5 58. Nf4 Nh8 59. g6
Kf6 60. Kd4 Kg7 61. Kxd5 1-0

[Event "Amber-blindfold 15th"]
[Site "Monte Carlo"]
[Date "2006.03.28"]
[Round "9"]
[White "Van Wely, Loek"]
[Black "Grischuk, Alexander"]
[Result "1-0"]
[WhiteElo "2647"]
[BlackElo "2717"]
[PlyCount "85"]
[EventDate "2006.03.18"]
[EventType "tourn (rapid)"]
[EventRounds "11"]
[EventCountry "MNC"]
[EventCategory "19"]
[SourceTitle "CBM 111 Extra"]
[Source "ChessBase"]
[SourceDate "2006.05.09"]
[SourceVersion "1"]
[SourceVersionDate "2006.05.09"]
[SourceQuality "1"]

1. d4 d5 2. c4 e6 3. Nc3 c5 4. cxd5 exd5 5. Nf3 Nc6 6. g3 Nf6 7. Bg2 Be7 8. O-O
O-O 9. dxc5 Bxc5 10. Bg5 d4 11. Bxf6 Qxf6 12. Nd5 Qd8 13. Nd2 Re8 14. Rc1 Bf8
15. Re1 Bg4 16. Nf4 Qd7 17. a3 Rad8 18. Nf3 h6 19. Qd2 d3 20. Qxd3 Qe7 21. Qb3
Kh8 22. h4 g6 23. Rcd1 Rxd1 24. Rxd1 Bg7 25. Rd2 Bf5 26. Nd5 Qc5 27. Qxb7 Be4
28. Nc3 Bxf3 29. Bxf3 Ne5 30. Kg2 a5 31. Rd5 Qc4 32. Rxa5 Nxf3 33. Qxf3 Kh7 34.
Ra7 Rf8 35. Nd5 Kg8 36. b4 Be5 37. h5 g5 38. Rd7 Qc2 39. Ne3 Qa4 40. Qd5 Bg7
41. Nc4 Qc2 42. e3 Bc3 43. Nd6 1-0

[Event "Amber-blindfold 15th"]
[Site "Monte Carlo"]
[Date "2006.03.30"]
[Round "11"]
[White "Ivanchuk, Vassily"]
[Black "Grischuk, Alexander"]
[Result "1/2-1/2"]
[WhiteElo "2729"]
[BlackElo "2717"]
[PlyCount "118"]
[EventDate "2006.03.18"]
[EventType "tourn (rapid)"]
[EventRounds "11"]
[EventCountry "MNC"]
[EventCategory "19"]
[SourceTitle "CBM 111 Extra"]
[Source "ChessBase"]
[SourceDate "2006.05.09"]
[SourceVersion "1"]
[SourceVersionDate "2006.05.09"]
[SourceQuality "1"]

1. d4 d5 2. c4 e6 3. Nf3 c5 4. cxd5 exd5 5. Nc3 Nc6 6. dxc5 d4 7. Na4 Bxc5 8.
Nxc5 Qa5+ 9. Qd2 Qxc5 10. e3 dxe3 11. Qxe3+ Qxe3+ 12. Bxe3 Be6 13. Bb5 Nge7 14.
Nd4 Bd5 15. O-O O-O 16. Rfd1 Rfd8 17. h3 h6 18. b3 a6 19. Bf1 Rac8 20. Ne2 Nb4
21. Bd2 Nec6 22. Bc3 Be6 23. Rxd8+ Rxd8 24. Nf4 Bf5 25. g4 Bc2 26. Bg2 Rd1+ 27.
Rxd1 Bxd1 28. a3 Na2 29. Bd2 Bxb3 30. Nd3 Bc4 31. Nc5 b6 32. Nd7 Nd4 33. Nxb6
Be2 34. Bd5 Nf3+ 35. Bxf3 Bxf3 36. Kh2 g5 37. Kg3 Bc6 38. Nc8 Bd7 39. Nd6 Kg7
40. h4 gxh4+ 41. Kxh4 Kg6 42. Nc4 f6 43. f4 Be6 44. Nb2 f5 45. g5 hxg5+ 46.
fxg5 f4 47. Nd3 Kf5 48. Nxf4 Bf7 49. Nd3 Bg6 50. Nc5 a5 51. Bxa5 Nc1 52. a4 Ne2
53. Bd8 Be8 54. a5 Nd4 55. Kg3 Nc6 56. a6 Nxd8 57. Nb7 Nc6 58. Nd6+ Kxg5 59.
Nxe8 Kf5 1/2-1/2

[Event "Amber-rapid 15th"]
[Site "Monte Carlo"]
[Date "2006.03.25"]
[Round "7"]
[White "Grischuk, Alexander"]
[Black "Nielsen, Peter Heine"]
[Result "1-0"]
[WhiteElo "2717"]
[BlackElo "2644"]
[PlyCount "55"]
[EventDate "2006.03.18"]
[EventType "tourn (rapid)"]
[EventRounds "11"]
[EventCountry "MNC"]
[EventCategory "19"]
[SourceTitle "CBM 111 Extra"]
[Source "ChessBase"]
[SourceDate "2006.05.09"]
[SourceVersion "1"]
[SourceVersionDate "2006.05.09"]
[SourceQuality "1"]

1. e4 e5 2. Nf3 Nf6 3. Nxe5 d6 4. Nf3 Nxe4 5. d4 d5 6. Bd3 Nc6 7. O-O Be7 8. c4
Nb4 9. Be2 O-O 10. Nc3 Bf5 11. a3 Nxc3 12. bxc3 Nc6 13. Re1 Re8 14. cxd5 Qxd5
15. Bf4 Rac8 16. h3 Be4 17. Qa4 Qf5 18. Bg3 Bd6 19. Ne5 Bxe5 20. Bg4 Qg6 21.
dxe5 Bf5 22. Bf3 Rb8 23. Ra2 Red8 24. Rb2 Qe6 25. Bh4 Nxe5 26. Kh1 b5 27. Bxd8
bxa4 28. Rxb8 1-0

[Event "Amber-rapid 15th"]
[Site "Monte Carlo"]
[Date "2006.03.26"]
[Round "8"]
[White "Aronian, Levon"]
[Black "Grischuk, Alexander"]
[Result "1-0"]
[WhiteElo "2752"]
[BlackElo "2717"]
[PlyCount "89"]
[EventDate "2006.03.18"]
[EventType "tourn (rapid)"]
[EventRounds "11"]
[EventCountry "MNC"]
[EventCategory "19"]
[SourceTitle "CBM 111 Extra"]
[Source "ChessBase"]
[SourceDate "2006.05.09"]
[SourceVersion "1"]
[SourceVersionDate "2006.05.09"]
[SourceQuality "1"]

1. e4 c5 2. Nf3 d6 3. Bd3 Nf6 4. h3 Nc6 5. c3 d5 6. e5 Nd7 7. Bb5 e6 8. O-O Be7
9. d4 a6 10. Bd3 b5 11. a3 c4 12. Bc2 a5 13. Re1 Bb7 14. Qd2 b4 15. Qf4 g6 16.
Nbd2 bxc3 17. bxc3 a4 18. Rb1 Bc8 19. Nf1 Qa5 20. Bd2 Ra7 21. N1h2 h5 22. Ng5
Nd8 23. Nhf3 Nb6 24. Ra1 Rb7 25. Re3 Na8 26. Nxf7 Nxf7 27. Bxg6 Rf8 28. Ng5
Bxg5 29. Qxg5 Kd7 30. Qxh5 Kc6 31. Rf3 Rh8 32. Qg4 Rg8 33. Rf6 Nd8 34. h4 Qb5
35. h5 Qb2 36. Qd1 Nb6 37. Bc2 Kc7 38. h6 Nd7 39. Rg6 Rh8 40. Rg7 Rb3 41. h7
Rxc3 42. Bxc3 Qxc3 43. Rg3 Qa5 44. Rg8 Nf7 45. Qf3 1-0

[Event "Amber-rapid 15th"]
[Site "Monte Carlo"]
[Date "2006.03.28"]
[Round "9"]
[White "Grischuk, Alexander"]
[Black "Van Wely, Loek"]
[Result "1-0"]
[WhiteElo "2717"]
[BlackElo "2647"]
[PlyCount "70"]
[EventDate "2006.03.18"]
[EventType "tourn (rapid)"]
[EventRounds "11"]
[EventCountry "MNC"]
[EventCategory "19"]
[SourceTitle "CBM 111 Extra"]
[Source "ChessBase"]
[SourceDate "2006.05.09"]
[SourceVersion "1"]
[SourceVersionDate "2006.05.09"]
[SourceQuality "1"]

1. e4 c5 2. Nf3 Nc6 3. Bb5 g6 4. Bxc6 dxc6 5. d3 Bg7 6. h3 b6 7. a3 a5 8. O-O
Nh6 9. Nc3 f6 10. Be3 a4 11. Qb1 Nf7 12. b3 f5 13. Nxa4 fxe4 14. dxe4 Bxa1 15.
Qxa1 O-O 16. Bf4 Ra6 17. Rd1 Qe8 18. Ne5 c4 19. Qc3 Nd6 20. Bh6 Rf6 21. Ng4 Rf7
22. Rxd6 exd6 23. Nf6+ Rxf6 24. Qxf6 Ra7 25. Nxb6 cxb3 26. cxb3 Be6 27. b4 Qe7
28. Qf3 Ra6 29. Qe3 Qb7 30. Qd4 Qe7 31. a4 c5 32. bxc5 dxc5 33. Qb2 Ra7 34. Qe5
c4 35. Nd5 Bxd5 1-0

[Event "Amber-rapid 15th"]
[Site "Monte Carlo"]
[Date "2006.03.29"]
[Round "10"]
[White "Leko, Peter"]
[Black "Grischuk, Alexander"]
[Result "1/2-1/2"]
[WhiteElo "2740"]
[BlackElo "2717"]
[PlyCount "51"]
[EventDate "2006.03.18"]
[EventType "tourn (rapid)"]
[EventRounds "11"]
[EventCountry "MNC"]
[EventCategory "19"]
[SourceTitle "CBM 111 Extra"]
[Source "ChessBase"]
[SourceDate "2006.05.09"]
[SourceVersion "1"]
[SourceVersionDate "2006.05.09"]
[SourceQuality "1"]

1. e4 c5 2. Nf3 d6 3. d4 cxd4 4. Nxd4 Nf6 5. Nc3 Nc6 6. Bg5 e6 7. Qd2 Be7 8.
O-O-O Qb6 9. f3 Qxd4 10. Qxd4 Nxd4 11. Rxd4 a6 12. Be2 Bd7 13. Rhd1 Bc6 14.
R4d2 Rc8 15. Bf4 d5 16. exd5 Bxd5 17. Kb1 Bc6 18. a3 h6 19. Be5 O-O 20. Bd6
Bxd6 21. Rxd6 Rfe8 22. R6d2 Kf8 23. b3 Ke7 24. Kb2 g5 25. Na2 Nd5 26. Nb4
1/2-1/2

[Event "Amber-rapid 15th"]
[Site "Monte Carlo"]
[Date "2006.03.30"]
[Round "11"]
[White "Grischuk, Alexander"]
[Black "Ivanchuk, Vassily"]
[Result "1/2-1/2"]
[WhiteElo "2717"]
[BlackElo "2729"]
[PlyCount "65"]
[EventDate "2006.03.18"]
[EventType "tourn (rapid)"]
[EventRounds "11"]
[EventCountry "MNC"]
[EventCategory "19"]
[SourceTitle "CBM 111 Extra"]
[Source "ChessBase"]
[SourceDate "2006.05.09"]
[SourceVersion "1"]
[SourceVersionDate "2006.05.09"]
[SourceQuality "1"]

1. e4 e5 2. Nf3 Nf6 3. Nxe5 d6 4. Nf3 Nxe4 5. d4 d5 6. Bd3 Bd6 7. O-O O-O 8. c4
c6 9. Re1 Re8 10. Nc3 Nxc3 11. bxc3 Rxe1+ 12. Qxe1 h6 13. Rb1 Nd7 14. h3 Qe7
15. Qxe7 Bxe7 16. Bd2 Kf8 17. cxd5 cxd5 18. a4 b6 19. Bb5 Nf6 20. Bc6 Bf5 21.
Rxb6 axb6 22. Bxa8 Bd7 23. Bf4 Bxa4 24. Bc7 b5 25. Bc6 Bd1 26. Bxb5 Ne4 27. Ba5
Bxf3 28. gxf3 Ng5 29. Kg2 Ne6 30. Bf1 Ba3 31. Bb6 Bb2 32. c4 dxc4 33. Bxc4
1/2-1/2

[Event "Calatrava op rapid 1st"]
[Site "Calatrava"]
[Date "2006.04.16"]
[Round "8"]
[White "Grischuk, Alexander"]
[Black "Grigoriants, Sergey"]
[Result "1-0"]
[WhiteElo "2719"]
[BlackElo "2568"]
[PlyCount "129"]
[EventDate "2006.04.14"]
[EventType "swiss (rapid)"]
[EventRounds "9"]
[EventCountry "ESP"]
[SourceTitle "CBM 111 Extra"]
[Source "ChessBase"]
[SourceDate "2006.05.09"]
[SourceVersion "1"]
[SourceVersionDate "2006.05.09"]
[SourceQuality "1"]

1. e4 c6 2. d4 d5 3. e5 Bf5 4. Nd2 e6 5. Nb3 Nd7 6. Nf3 Ne7 7. Be2 Bg6 8. O-O
Nf5 9. c3 f6 10. Bf4 fxe5 11. Nxe5 Nxe5 12. Bxe5 Bd6 13. Bxd6 Qxd6 14. Nc5 b6
15. Nd3 O-O 16. Ne5 c5 17. Qd2 Rac8 18. Rfe1 Ne7 19. Rac1 Bf5 20. Bf1 Ng6 21.
a3 Rc7 22. f3 Ne7 23. Rcd1 h6 24. Qf2 Bh7 25. Kh1 c4 26. Rd2 Nc6 27. Rde2 Nd8
28. Re3 b5 29. Be2 a5 30. Bd1 b4 31. axb4 axb4 32. Bc2 Bf5 33. g4 Bxc2 34. Qxc2
Nc6 35. Ng6 Rf6 36. Kg2 Ne7 37. Ne5 Nc6 38. h4 Ne7 39. h5 Ra7 40. Qd2 Nc6 41.
R3e2 bxc3 42. bxc3 Ne7 43. Rb1 Rf8 44. Qc2 Rb8 45. Rbe1 Rab7 46. Ng6 Rb6 47.
Kh3 R8b7 48. Qa4 Nxg6 49. hxg6 Kf8 50. Re5 Ra6 51. Qc2 Re7 52. f4 Qb8 53. f5
Qb3 54. Qd2 Ra2 55. Qf4 Qxc3+ 56. R5e3 Qb2 57. R1e2 e5 58. dxe5 Qxe2 59. Rxe2
Rxe2 60. e6 Rb2 61. f6 Rb3+ 62. Kh4 Rxe6 63. fxg7+ Ke7 64. g8=Q Ree3 65. Qgf7+
1-0

[Event "RUS-chT 13th"]
[Site "Sochi"]
[Date "2006.04.20"]
[Round "1"]
[White "Grischuk, Alexander"]
[Black "Tiviakov, Sergei"]
[Result "1/2-1/2"]
[WhiteElo "2719"]
[BlackElo "2669"]
[Annotator "Tiviakov,S"]
[PlyCount "51"]
[EventDate "2006.04.20"]
[EventType "team-tourn"]
[EventRounds "11"]
[EventCountry "RUS"]
[SourceTitle "EXT 2020"]
[Source "ChessBase"]
[SourceDate "2019.10.17"]
[SourceVersion "1"]
[SourceVersionDate "2019.10.17"]
[SourceQuality "1"]
[WhiteTeam "Sverdlovsk Ural region"]
[BlackTeam "Sankt Petersburg FINEK"]
[WhiteTeamCountry "RUS"]
[BlackTeamCountry "RUS"]

1. e4 d5 2. exd5 Qxd5 3. Nc3 Qd6 4. d4 Nf6 5. Nf3 c6 6. Ne5 Nbd7 7. Nc4 Qc7 8.
Qf3 Nb6 9. Bf4 Qd8 10. Be5 Bg4 11. Qg3 h5 12. f3 $146 (12. h3 $142 h4 13. Qf4
Be6 14. Ne3 Nbd5 (14... Nfd5 15. Ned1 Nxc3 16. Nxc3 Nd5 17. Qd2 Bf5 18. Bd3
Bxd3 19. Qxd3 Nxc3 20. bxc3 Qd7 21. O-O e6 22. Rab1 b6 23. c4 f6 24. Bf4 Rh5
25. Qg6+ Qf7 26. Qe4 Qd7 27. Qg6+ Qf7 28. Qg4 Rf5 29. Be3 Ra5 30. c5 b5 31. c4
bxc4 32. Rfe1 Rxa2 33. Bf4 f5 34. Qf3 Rc8 35. d5 Bxc5 36. Rxe6+ Kf8 37. Rxc6
Qd7 38. Rxc8+ Qxc8 39. Rb7 Qd8 40. Rb8 Ke8 {1-0 Kotronias,V-Ardelean,G/Kavala
2004/CBM 101 ext (40)}) 15. Nexd5 Nxd5 16. Qd2 (16. Nxd5 Bxd5 17. c4 f6 18.
cxd5 fxe5 19. dxe5 Qa5+ 20. b4 Qa3 21. Rc1 Rd8 22. e6 Rxd5 23. Be2 a5 24. O-O
Qxb4 25. Rxc6 bxc6 26. Qc7 Qd6 27. Qc8+ Qd8 28. Qxc6+ Rd7 29. Rb1 g5 30. Qxd7+
Qxd7 31. Rb8+ Qc8 32. Rxc8# {1-0 Frignani,G-Trevis,R/IECG 2002/Telechess CBM
101 (32)}) 16... Nxc3 $146 (16... Bf5 17. Bc4 (17. Bd3 Bxd3 18. Qxd3 e6 (18...
Nxc3 19. bxc3 $14 {Kotronias,V-Ardelean,G/Kavala 92/(44) 2004/[Skembris,S] (19)
}) 19. O-O Ne7 20. Rfe1 Ng6 21. Bh2 Bd6 22. Bxd6 Qxd6 23. Ne4 Qe7 24. Nc5 Rh6
25. b4 O-O-O 26. b5 cxb5 27. Rab1 Qxc5 28. dxc5 Rxd3 29. cxd3 a6 30. Re4 Rh5
31. a4 bxa4 32. Rc1 Rd5 33. Rxa4 Rxd3 34. c6 bxc6 35. Rxc6+ Kd7 36. Rcxa6 Ke8
37. Ra7 Rd7 38. Rxd7 Kxd7 39. Ra7+ Ke8 40. f4 Ne7 41. Kf2 f5 42. Ke3 Kf7 {
1/2-1/2 Kosintseva Nadezhda (RUS)-Nikolaidis Ioannis (GRE)/Moscow (Russia)
2005 (42)}) 17... e6 18. Nxd5 exd5 19. Bd3 Bxd3 20. Qxd3 f6 21. Qg6+ Ke7 22.
Bf4 Qe8 23. Qd3 Kf7+ 24. Kd2 Qe4 25. Qxe4 dxe4 26. Rae1 g5 27. Bh2 f5 28. f3
exf3 29. gxf3 Bg7 30. Be5 Rae8 31. Bxg7 Kxg7 32. Rxe8 Rxe8 33. c4 Kf6 34. Rg1
a5 35. a4 Re7 36. Rg2 Re8 37. Re2 Rg8 38. Rf2 Ra8 39. Kd3 Rd8 40. Rg2 Rg8 41.
Rf2 Re8 {1/2-1/2 Skembris,S-Nikolaidis,I/Athens GRE 2004/CT-1498/Inf 92/44})
17. Qxc3 (17. bxc3 $5 Qd5 18. Qe3 {(|^ Nikolaidis,I)} Bf5 $1 {/\Qe4}) 17... Bd5
(17... Qd5 $5) 18. Qd2 (18. O-O-O e6 19. Kb1 b5 $13 (19... f6 {/\Bd6})) 18...
e6 (18... f6 19. Bh2 e6 20. Bd3 $5 $36) 19. c4 Be4 20. f3 {(׻)} (20. O-O-O
$142 $5 $14) 20... Bf5 21. a3 (21. O-O-O $11) 21... Rh5 (21... f6 $142 22. Bf4
g5 (22... Bd6 $11) 23. Be3 Qc7 $11 {/\0-0-0}) 22. Rd1 Bd6 (22... g6 $5 $11 {
/\Bd6}) 23. Qe3 f6 (23... Qe7 $11 {/\0-0-0}) 24. Bxd6 Qxd6 25. f4 Kf8 (25...
O-O-O $5 26. Be2 Rh6 27. O-O Kb8 $13) 26. Be2 Rh6 27. O-O $14 a5 28. Bd3 Bxd3
29. Qxd3 Rd8 30. Kh1 Rh5 $5 31. Qg6 Rf5 32. Qg4 b5 33. c5 Qd7 34. Qxh4 Rd5 $44
35. Qe1 a4 36. Qe4 Kg8 37. Rd3 Kf7 38. Re1 Rh8 39. Ree3 Rh4 40. Rf3 Rf5 41.
Rde3 {1/2-1/2 Hossain,E-Tiviakov,S/Turin (ol) 2006/CT-2023 (41)}) 12... Be6 (
12... h4) 13. Ne3 (13. Nxb6 $5 Qxb6 14. O-O-O O-O-O $13 (14... h4 $5)) (13. Bc7
$6 Qxd4 14. Rd1 Qc5 $15) 13... Nbd5 (13... Nfd5) 14. Ncxd5 Nxd5 15. Nxd5 (15.
Qf2 f6 {ץe5}) 15... Qxd5 16. Bd3 (16. c3 Bf5 $11 (16... h4 17. Qf2 (17. Qf4 f6
(17... O-O-O $11) 18. Bc7 g5 19. Qe3 Bf5 20. h3 Qd7 21. Bh2 O-O-O $13) 17... h3
(17... O-O-O $11) 18. g3 O-O-O $11)) 16... f6 17. Bb8 $6 (17. Bf4 Bf5 18. Bxf5
$8 (18. O-O-O $6 Qxa2 19. Bxf5 Qa1+ 20. Kd2 Qa5+ $15) 18... Qxf5 19. c3 $8 (19.
Be3 Qxc2 $15) 19... h4 20. Qg4 Qxg4 21. fxg4 $11 {_|_}) (17. Bc7 Bf7 (17... h4
$5) 18. Qf2 Qe6+ 19. Be2 (19. Qe2 $11 {_|_}) 19... Qd7 20. Bg3 (20. Bf4 Qf5 21.
Be3 Qxc2 $15) 20... O-O-O $132) 17... h4 $1 (17... Qa5+ 18. c3 h4 19. Qc7 Qxc7
20. Bxc7 Bf7 $11) 18. Qc7 {[#]} Kf7 $1 19. Qxb7 (19. O-O-O $2 g6 $1 (19... h3
20. g4 Qd6 21. Qxd6 exd6 22. Bc7 b6 $15 {ץc7}) 20. c4 (20. f4 Bh6 21. c4 Qd8
$19) 20... Qd6 21. Qxd6 exd6 22. Bc7 b6 $19) 19... c5 $1 20. Qxd5 (20. Qb5 $2
c4 $19) 20... Bxd5 21. c4 (21. Bf4 cxd4 $15) (21. Bc7 cxd4 $15) 21... Bxf3 $6 (
21... Bb7 22. Bc7 (22. Bf4 cxd4 23. Ke2 e5 $15) 22... cxd4 (22... h3 23. d5
hxg2 24. Rg1 e6 25. dxe6+ Kxe6 26. Kf2 $16) 23. Ke2 e5 24. Ba5 Ke6 $15) (21...
Rxb8 22. cxd5 cxd4 23. O-O-O $13) 22. Bxa7 Bxg2 23. Rg1 Rxa7 24. Rxg2 cxd4 25.
Bg6+ Kg8 26. c5 $44 {[26...Rh6; 26...h3; 26...e5]} (26. b4 $5 $44) 1/2-1/2

[Event "RUS-chT 13th"]
[Site "Sochi"]
[Date "2006.04.24"]
[Round "5"]
[White "Grischuk, Alexander"]
[Black "Gelfand, Boris"]
[Result "0-1"]
[WhiteElo "2719"]
[BlackElo "2727"]
[PlyCount "130"]
[EventDate "2006.04.20"]
[EventType "team-tourn"]
[EventRounds "11"]
[EventCountry "RUS"]
[SourceTitle "EXT 2020"]
[Source "ChessBase"]
[SourceDate "2019.10.17"]
[SourceVersion "1"]
[SourceVersionDate "2019.10.17"]
[SourceQuality "1"]
[WhiteTeam "Sverdlovsk Ural region"]
[BlackTeam "Samara Termosteps"]
[WhiteTeamCountry "RUS"]
[BlackTeamCountry "RUS"]

1. e4 e5 2. Nf3 Nf6 3. Nxe5 d6 4. Nf3 Nxe4 5. d4 d5 6. Bd3 Nc6 7. O-O Be7 8. c4
Nf6 9. Nc3 Be6 10. cxd5 Nxd5 11. Re1 O-O 12. a3 Bf6 13. Be4 h6 14. Bc2 Nde7 15.
Be3 Nf5 16. Ne2 Re8 17. Qd3 g6 18. Qd2 Nxe3 19. fxe3 Bg4 20. Nc3 Na5 21. Qf2
Nc4 22. Bb3 Nd6 23. Rad1 Bf5 24. h3 Kg7 25. Rf1 c6 26. Ne5 Be6 27. Bxe6 Rxe6
28. e4 Rxe5 29. dxe5 Bxe5 30. Rxd6 Qxd6 31. Qxf7+ Kh8 32. Rd1 Rf8 33. Rxd6 Rxf7
34. Rd3 Kg7 35. b4 Kf8 36. Nd1 Ke7 37. Nf2 Ke6 38. g3 b6 39. Kg2 c5 40. bxc5
bxc5 41. Rd5 c4 42. Ng4 Bg7 43. Ra5 Bd4 44. Ra6+ Bb6 45. a4 c3 46. a5 c2 47.
axb6 c1=Q 48. bxa7+ Ke7 49. Ra2 Qf1+ 50. Kh2 Rf8 51. a8=R Rxa8 52. Rxa8 Qe2+
53. Kg1 Qe1+ 54. Kh2 h5 55. Ra7+ Kd8 56. Ra8+ Kc7 57. Ra7+ Kb8 58. Rf7 hxg4 59.
hxg4 Qxe4 60. Rf4 Qd5 61. Rb4+ Kc7 62. Rf4 Qd1 63. Kg2 Kd6 64. Rf6+ Ke5 65. Rf4
g5 0-1

[Event "RUS-chT 13th"]
[Site "Sochi"]
[Date "2006.04.26"]
[Round "7"]
[White "Grischuk, Alexander"]
[Black "Sutovsky, Emil"]
[Result "1-0"]
[WhiteElo "2719"]
[BlackElo "2628"]
[PlyCount "73"]
[EventDate "2006.04.20"]
[EventType "team-tourn"]
[EventRounds "11"]
[EventCountry "RUS"]
[SourceTitle "EXT 2020"]
[Source "ChessBase"]
[SourceDate "2019.10.17"]
[SourceVersion "1"]
[SourceVersionDate "2019.10.17"]
[SourceQuality "1"]
[WhiteTeam "Sverdlovsk Ural region"]
[BlackTeam "Meriya Moscow - Ulan-Ude"]
[WhiteTeamCountry "RUS"]
[BlackTeamCountry "RUS"]

1. e4 e5 2. Nf3 Nc6 3. Bb5 a6 4. Ba4 Nf6 5. O-O Nxe4 6. d4 b5 7. Bb3 d5 8. dxe5
Be6 9. c3 Be7 10. Re1 O-O 11. Nd4 Nxd4 12. cxd4 Bb4 13. Re2 c5 14. f3 cxd4 15.
fxe4 Bg4 16. h3 Bxe2 17. Qxe2 Rc8 18. Bd2 d3 19. Qe1 Bc5+ 20. Kh1 Bd4 21. Nc3
Bxe5 22. Nxd5 Bxb2 23. Rd1 Re8 24. Qg3 Rxe4 25. Bg5 Qf8 26. Nf6+ Bxf6 27. Bxf6
d2 28. Rxd2 Rc1+ 29. Bd1 Re8 30. Bb2 Rc6 31. Bb3 Rg6 32. Qf4 Kh8 33. Bxf7 Re7
34. Rf2 Rd6 35. Kh2 Rdd7 36. Bxg7+ Kxg7 37. Qf6# 1-0

[Event "RUS-chT 13th"]
[Site "Sochi"]
[Date "2006.04.29"]
[Round "10"]
[White "Grischuk, Alexander"]
[Black "Moiseenko, Alexander"]
[Result "1-0"]
[WhiteElo "2719"]
[BlackElo "2662"]
[PlyCount "203"]
[EventDate "2006.04.20"]
[EventType "team-tourn"]
[EventRounds "11"]
[EventCountry "RUS"]
[SourceTitle "EXT 2020"]
[Source "ChessBase"]
[SourceDate "2019.10.17"]
[SourceVersion "1"]
[SourceVersionDate "2019.10.17"]
[SourceQuality "1"]
[WhiteTeam "Sverdlovsk Ural region"]
[BlackTeam "Saratov Ekonomist SGSEU"]
[WhiteTeamCountry "RUS"]
[BlackTeamCountry "RUS"]

1. d4 Nf6 2. c4 e6 3. g3 d5 4. Nf3 dxc4 5. Bg2 Bb4+ 6. Bd2 a5 7. Qc2 Bxd2+ 8.
Qxd2 c6 9. a4 b5 10. axb5 cxb5 11. Qg5 O-O 12. Qxb5 Na6 13. Qxc4 Nb4 14. Qb3 e5
15. Nxe5 Rb8 16. O-O Qxd4 17. Rxa5 Be6 18. Qc3 Qd8 19. Rc5 Qb6 20. Na3 Nbd5 21.
Qc1 Qxb2 22. Nc6 Qxc1 23. Rfxc1 Rb3 24. Nb5 Rb2 25. Nbd4 Re8 26. Nxe6 fxe6 27.
Bf3 Nd7 28. Ra5 N5f6 29. Rd1 e5 30. Bd5+ Nxd5 31. Raxd5 Nf6 32. R5d2 Rxd2 33.
Rxd2 Kf7 34. Rd6 e4 35. Nd4 g6 36. Kg2 Re7 37. Nc6 Re8 38. h3 h5 39. Nd8+ Kg7
40. Ne6+ Kf7 41. Ng5+ Kg7 42. Ne6+ Kf7 43. Ng5+ Kg7 44. Rc6 Re7 45. Ne6+ Kf7
46. Nd8+ Kg7 47. Ne6+ Kf7 48. Nf4 Rd7 49. Rc5 Rd6 50. Re5 Ra6 51. h4 Ra8 52.
Rb5 Ra7 53. Rg5 Ra2 54. Kf1 Ra1+ 55. Kg2 Ra2 56. Rb5 Ra7 57. Rc5 Rb7 58. Ra5
Rc7 59. Rg5 Rc2 60. Rb5 Rc7 61. Nh3 Re7 62. Rg5 Nh7 63. Rc5 Nf6 64. Ra5 Nh7 65.
Nf4 Rb7 66. Re5 Nf6 67. Ne6 Re7 68. Nd8+ Kf8 69. Nc6 Rc7 70. Re6 Kg7 71. Ne5
Ra7 72. Rc6 Re7 73. Rc5 Ra7 74. Rc2 Re7 75. Nc6 Rc7 76. Nd4 Rxc2 77. Nxc2 Ng4
78. f3 exf3+ 79. Kxf3 Kf6 80. Kf4 Ne5 81. Nd4 Nd7 82. Nf3 Nc5 83. Ng5 Nd7 84.
e4 Ne5 85. Nf3 Nd3+ 86. Ke3 Nb4 87. Kd4 Ke6 88. Ng5+ Kd6 89. e5+ Ke7 90. Nh3
Ke6 91. Nf4+ Kf5 92. e6 Nc6+ 93. Kc5 Ne7 94. Kd6 Ng8 95. e7 Nxe7 96. Kxe7 g5
97. Ng2 Kg4 98. Kf6 gxh4 99. gxh4 Kg3 100. Kg5 Kxg2 101. Kxh5 Kg3 102. Kg5 1-0